列車本数が5本以下の駅 - Statistics

General Stats
  • This quiz has been taken 244 times
  • The average score is 5 of 23
Answer Stats
Hint Answer 本数 % Correct
JR九州 宗太郎 3本
88%
JR九州 重岡 4本
47%
JR九州 北延岡 3本
41%
JR西日本 長門本山 3本
40%
JR九州 市棚 3本
39%
JR東日本 区界 5本
28%
JR九州 北川 3本
27%
JR九州 日向長井 3本
26%
JR東日本 大前 5本
21%
JR東日本 三厩 3本
19%
JR東日本 松草 5本
16%
中小私鉄 井川 2本
15%
JR九州 人吉 2本
13%
JR西日本 九頭竜湖 5本
13%
中小私鉄 尾盛 4本
12%
中小私鉄 閑蔵 4本
12%
JR北海道 川端 5本
11%
中小私鉄 千頭 5本
5%
JR九州 一勝地 2本
4%
中小私鉄 川根温泉笹間渡 5本
4%
JR九州 葉木 3本
3%
JR九州 4本
3%
3セク 人吉温泉 5本
1%
No matching quizzes found
Score Distribution
Percent of People with Each Score
Percentile by Number Answered
Your Score History
You have not taken this quiz